| 000 | 00533nam a22001817a 4500 | ||
|---|---|---|---|
| 003 | OSt | ||
| 005 | 20260506082629.0 | ||
| 008 | 260506b |||||||| |||| 00| 0 eng d | ||
| 020 | _a978-1-4748-0220-8 | ||
| 040 |
_aDWCL Main Lib. _cOC |
||
| 082 | _aGR 030 On58 2015 | ||
| 245 |
_a1,000 amazing facts : _bincredible but true facts |
||
| 260 |
_aUK : _bParragon Books, _cc2015 |
||
| 300 |
_a191 pages, _bcolored illustrations ; _c27 cm |
||
| 504 | _aIncludes index. | ||
| 650 | _a1. Encyclopedia of animals. | ||
| 942 |
_2ddc _cGR _n0 |
||
| 999 |
_c10296 _d10296 |
||